000 00696nam a22001697a 4500
005 20260303151239.0
008 260303b |||||||| |||| 00| 0 eng d
020 _a9789387791657
040 _cVITAP
082 _223
_a294.555092 NAM
100 _aNambath, Suresh Ed.
_917188
245 _aThe Monk Who Took India to The World
_b: With Curated Selections of Interviews And Articles From The Archives of The Hindu
_c/ Suresh Nambath Ed.
260 _aChennai
_bTHG Publishing Group Pvt. Ltd.
_c2025
300 _a255p, ill.: 21cm
650 0 _aEarly Life, Guru & Spiritual Training, Journey Across India, Chicago Parliament of Religions (1893), Mission in the West etc.
_917189
942 _2ddc
_cREF
999 _c47320
_d47320